000 00609cam a22001931 4500
001 e 41000171
003 DLC
005 20260227111230.0
008 750829s1940 xx 000 0 eng
010 _ae 41000171
035 _a(OCoLC)1580627
040 _aDLC
_cFMU
_dDLC
042 _apremarc
050 0 0 _aSD143
_b.A58
110 2 _aAmerican Council on Education.
_bAmerican Youth Commission.
245 1 4 _aThe civilian conservation corps.
_bRecommendations of the American council on education.
260 _a[Washington, D.C.]
_bThe American youth commission,
_c[1940]
300 _a22 [2] p.
_c23 cm.
999 _c21818
_d21818